Sports Quiz

Random Sports or World Quiz

WBC Champs (HeavytoLightHeavy) Quiz Stats

 Plays Quiz not verified by Sporcle

Score 0/90 Timer 20:00
0 Plays Today
Hint Answer % Correct
USAMike Tyson
89.9%
USAMike Tyson
89.9%
UkraineVitali Klitschko
87.6%
UkraineVitali Klitschko
87.6%
Great BritainLennox Lewis
87.6%
Great BritainLennox Lewis
87.6%
Great BritainLennox Lewis
87.6%
USADeontay Wilder
84.5%
USAMuhammad Ali
83.7%
USAMuhammad Ali
83.7%
USAEvander Holyfield
77.5%
USAEvander Holyfield
77.5%
USAGeorge Foreman
76.7%
USAJoe Frazier
75.2%
Great BritainFrank Bruno
72.9%
Great BritainDavid Haye
71.3%
USALeon Spinks
68.2%
USAMichael Spinks
68.2%
NigeriaSamuel Peter
67.4%
USALarry Holmes
67.4%
USAHasim Rahman
66.7%
USAHasim Rahman
66.7%
USARiddick Bowe
65.9%
USABuster Douglas
65.1%
JamaicaO'Neil Bell
64.3%
USAOliver McCall
63.6%
Great BritainTony Bellew
62%
CanadaBermane Stiverne
58.1%
USASonny Liston
58.1%
CanadaTrevor Berbick
56.6%
Hint Answer % Correct
USABernard Hopkins
55.8%
USAKen Norton
55%
FranceJean Marc - Mormeck
50.4%
FranceJean Marc - Mormeck
50.4%
USATim Witherspoon
48.8%
USAPinklon Thomas
45.7%
USAChad Dawson
45%
USAChad Dawson
45%
USAAntonio Tarver
43.4%
USAAntonio Tarver
43.4%
USAMarvin Johnson
41.9%
CanadaJean Pascal
38%
RussiaOleg Maskaev
37.2%
Puerto RicoCarlos De Leon
36.4%
Puerto RicoCarlos De Leon
36.4%
Puerto RicoCarlos De Leon
36.4%
Puerto RicoCarlos De Leon
36.4%
USADwight Muhammad Qawi
36.4%
Great BritainJohn Conteh
34.1%
PolandTomas Adamek
32.6%
CubaJuan Carlos Gomez
31%
USAThomas Hearns
31%
NigeriaDick Tiger
31%
Great BritainDennis Andries
30.2%
Great BritainDennis Andries
30.2%
Great BritainDennis Andries
30.2%
USARoy Jones Jr
29.5%
USARoy Jones Jr
29.5%
USARoy Jones Jr
29.5%
USARoy Jones Jr
29.5%
Hint Answer % Correct
USAMontell Griffin
28.7%
USASugar Ray Leonard
28.7%
JamaicaMike McCallum
27.9%
USAMatthew Saad Muhammad
27.9%
USABob Foster
27.9%
AustraliaJeff Harding
27.1%
AustraliaJeff Harding
27.1%
Puerto RicoJose Torres
25.6%
GuyanaWayne Braithwaite
24.8%
USAMarvin Camel
24.8%
FranceFabrice Tiozzo
24.8%
CanadaDanny Lalonde
24.8%
LatviaMairis Breidis
23.3%
ItalyMassimiiano Duran
20.9%
ArgentinaMarcelo Dominguez
19.4%
PolandKryzstfof Wlodarczyk
18.6%
USAWillie Pastrano
18.6%
ItalyGiacobbe Fragomeni
17.1%
USAST Gordon
15.5%
YugoslaviaMate Parlov
15.5%
RussiaGrigory Drozd
14.7%
HungaryZdolt Erdei
14.7%
RomaniaAdrian Diaconu
14.7%
FranceAnaclet Wamba
12.4%
USAAlfonso Ratliff
12.4%
CanadaAdonis Stephenson
12.4%
USAJB Williamson
10.9%
USABernard Benton
10.1%
GermanyGraciano Rocchiagiani
7.8%
ArgentinaMiguel Angel Cuello
7%

You're not logged in!

Compare scores with friends on all Sporcle quizzes.
OR
Log In

Sporcle TV

Today on Sporcle TV


Watch our educational content, quiz creation guides, and fun videos on Sporcle TV.

Show Comments

Extras

Top Quizzes Today


Score Distribution

Your Account Isn't Verified!

In order to create a playlist on Sporcle, you need to verify the email address you used during registration. Go to your Sporcle Settings to finish the process.

Report this User

Report this user for behavior that violates our Community Guidelines.

Details: